Central Library OPAC University of Rajshahi

The Penguin book of contemporary verse 1918-60. (Record no. 37824)

MARC details
000 -LEADER
fixed length control field 00775nam a2200265 a 4500
001 - CONTROL NUMBER
control field 37824
003 - CONTROL NUMBER IDENTIFIER
rucl marc code BD-RjUL
005 - DATE AND TIME OF LATEST TRANSACTION
control field 20211209052648.0
008 - FIXED-LENGTH DATA ELEMENTS--GENERAL INFORMATION
fixed length control field 150729s19701962enk 000 0 eng
035 ## - SYSTEM CONTROL NUMBER
System control number BD-RjUL
System control number (BD-RjUL) 37929
040 ## - CATALOGING SOURCE
Original cataloging agency DLC
Transcribing agency NNU
Modifying agency BD-RjUL
Language of cataloging eng
041 ## - LANGUAGE CODE
Language code of text/sound track or separate title eng
082 ## - DEWEY DECIMAL CLASSIFICATION NUMBER
Classification number 821.9108
Author mark and year ALP 1970
100 1# - MAIN ENTRY--PERSONAL NAME
Personal name Allott, Kenneth
9 (RLIN) 117179
245 14 - TITLE STATEMENT
Title The Penguin book of contemporary verse 1918-60.
Statement of responsibility, etc. Selected, with an introd. and notes.
250 ## - EDITION STATEMENT
Edition statement 2nd ed.
260 ## - PUBLICATION, DISTRIBUTION, ETC. (IMPRINT)
Place of publication, distribution, etc. [Harmondsworth, Middlesex, Eng.]
Name of publisher, distributor, etc. Penguin Books
Date of publication, distribution, etc. [1970
300 ## - PHYSICAL DESCRIPTION
Pagination 413 p.
Size 18 cm.
490 0# - SERIES STATEMENT
Series statement The Penguin poets,
Volume/sequential designation D12
650 #0 - SUBJECT ADDED ENTRY--TOPICAL TERM
Topical term or geographic name as entry element English poetry
Chronological subdivision 20th century.
9 (RLIN) 117180
942 ## - ADDED ENTRY ELEMENTS (KOHA)
Source of classification or shelving scheme Dewey Decimal Classification
Koha item type Books
Holdings
Lost status Source of classification or shelving scheme Damaged status Not for loan Collection code Permanent Location Current Location Shelving location Date acquired Source of acquisition Cost, normal purchase price Total Checkouts Full call number Date last seen Copy number Koha item type
  Dewey Decimal Classification   Not For Loan Non-fiction Central Library, University of Rajshahi Central Library, University of Rajshahi Reading Room 15/10/1990 Dhaka, Shaukot osman 0.00   821.9108 ALP 1970 29/07/2015 C-1 Books